| 000 -ლიდერი |
| ფიქსირებული სიგრძის საკონტროლო ველი |
00927nam a22001817a 4500 |
| 003 - საკონტროლო ნომრის იდენტიფიკატორი |
| საკონტროლო ველი |
Ge_BSU |
| 005 - ბოლო ოპერაციის თარიღი და დრო |
| საკონტროლო ველი |
20251023145959.0 |
| 008 - ფიქსირებული სიგრძის მონაცემთა ელემენტები - ზოგადი ინფორმაცია |
| ფიქსირებული სიგრძის საკონტროლო ველი |
251017s1971 ge ||||| |||| 00| 0 geo d |
| 041 ## - ენის კოდი |
| Language code of text/sound track or separate title |
geo |
| 080 ## - უნივერსალური ათობითი კლასიფიკაციის ინდექსი |
| Universal Decimal Classification number |
631.5/9(479.22) :636(479.22) ღ-58 |
| 100 ## - მთავარი ჩანაწერი - პიროვნების სახელი |
| Personal name |
ღვინჯილია, მიხეილ |
| 9 (RLIN) |
26052 |
| 245 ## - ცნობა სათაურის შესახებ |
| Title |
თავდადებული შრომის ბარაქა : |
| Remainder of title |
[მიწათმოქმედება და მეცხოველეობა რესპუბლიკაში] / |
| Statement of responsibility, etc |
მიხეილ ღვინჯილია. |
| 264 ## - წარმოების, გამოცემის, დისტრიბუციის და სხვა ცნობები |
| გამოცემის, წარმოების, დისტრიბუციის... ადგილი |
თბილისი : |
| გამოცემის, წარმოების, დისტრიბუციის... სახელწოდება |
საბჭ. საქართველო, |
| გამოცემის, წარმოების, დისტრიბუციის... თარიღი |
1971. |
| 300 ## - ფიზიკური აღწერა |
| Extent |
75 გვ. ; |
| Other physical details |
16 სმ. |
| 653 ## - INDEX TERM--UNCONTROLLED |
| Uncontrolled term |
მიწათმოქმედება საქართველოში |
| 653 ## - INDEX TERM--UNCONTROLLED |
| Uncontrolled term |
მეცხოველეობა საქართველოში |
| 942 ## - ADDED ENTRY ELEMENTS (KOHA) |
| Source of classification or shelving scheme |
|
| Koha item type |
წიგნი |